[Event "40th Bosna Open"]
[Site "Sarajevo BIH"]
[Date "2010.05.13"]
[Round "9"]
[White "Rukavina,J"]
[Black "Saric,Iv"]
[Result "1/2-1/2"]
[WhiteElo "2397"]
[BlackElo "2580"]
[EventDate "2010.05.05"]

1. d4 g6 2. e4 Bg7 3. c3 d5 4. Nd2 Nh6 5. Ngf3 O-O 6. exd5 Nf5 7. Bc4 Nd7
8. O-O Nb6 9. Bb3 a5 10. a3 Nxd5 11. Ne4 b6 12. Re1 Bb7 13. Ng3 e6 14. Bg5
Nf6 15. Nxf5 gxf5 16. Ne5 c5 17. d5 exd5 18. Qf3 Re8 19. Qxf5 Qc8 20. Qf3
Qe6 21. Bxf6 Bxf6 22. Nd3 Qd6 23. Nf4 c4 24. Nh5 Be5 25. Bxc4 Bxh2+ 26. Kh1
Be5 27. Rad1 Rad8 28. Qf5 Kf8 29. Re3 Qg6 30. Rxe5 dxc4 31. Rxe8+ Rxe8 32.
Qxg6 hxg6 33. Ng3 f5 34. Rd6 Kf7 35. Rxb6 Ba8 36. f3 Re1+ 37. Kh2 f4 38.
Nh1 Re2 39. Kg1 Re1+ 40. Kh2 Re2 41. Kg1 1/2-1/2

[Event "40th Bosna Open"]
[Site "Sarajevo BIH"]
[Date "2010.05.13"]
[Round "9"]
[White "Godena,M"]
[Black "Nikcevic,N"]
[Result "1/2-1/2"]
[WhiteElo "2554"]
[BlackElo "2387"]
[EventDate "2010.05.05"]

1. e4 e5 2. Nf3 Nf6 3. d4 Nxe4 4. Bd3 d5 5. dxe5 Nc5 6. Be2 Be7 7. O-O O-O
8. Be3 Bg4 9. Nc3 Bxf3 10. Bxf3 c6 11. Bg4 Nbd7 12. f4 f5 13. exf6 Nxf6 14.
Bf3 Ne6 15. Ne2 Bc5 16. Bxc5 Nxc5 17. Qd4 Qb6 18. c4 Rad8 19. Rad1 Rfe8 20.
Kh1 Nce4 21. Qxb6 axb6 22. cxd5 Rxd5 23. Rxd5 Nxd5 24. Kg1 Nb4 25. Bxe4
Rxe4 26. Nc3 Rd4 27. a3 Nc2 28. g3 Ne3 29. Re1 Nc4 30. Rd1 Rxd1+ 31. Nxd1
Kf7 32. Kf2 Ke6 33. Ke2 b5 34. Kd3 h6 35. h3 Nd6 36. Ne3 g6 37. b3 c5 38.
g4 g5 39. Ng2 gxf4 40. Nxf4+ Ke5 41. Ne2 Ne4 42. Ke3 c4 43. bxc4 bxc4 44.
h4 Nf6 1/2-1/2

[Event "40th Bosna Open"]
[Site "Sarajevo BIH"]
[Date "2010.05.13"]
[Round "9"]
[White "Djukic,Ni"]
[Black "Solak,D"]
[Result "1/2-1/2"]
[WhiteElo "2495"]
[BlackElo "2547"]
[EventDate "2010.05.05"]

1. e4 c6 2. Nc3 d5 3. Nf3 Bg4 4. h3 Bxf3 5. Qxf3 e6 6. a3 g6 7. d4 Bg7 8.
Be3 Nf6 9. Bd3 dxe4 10. Nxe4 Nxe4 11. Qxe4 Nd7 12. c3 O-O 13. O-O Nf6 14.
Qh4 Nd5 15. Qxd8 Raxd8 16. Bg5 f6 17. Bc1 e5 18. dxe5 Nxc3 19. Bc4+ Nd5 20.
exf6 Bxf6 21. a4 Kg7 22. Ra3 Bd4 23. Bxd5 Rxd5 24. Be3 Rf7 25. Rb3 b6 26.
g3 Re7 27. Kg2 Bxe3 28. fxe3 g5 29. Rc3 c5 30. Rf2 Re4 31. b3 Rd1 32. a5 h5
33. axb6 axb6 34. Rf5 Kg6 35. Rf8 g4 36. hxg4 hxg4 37. Rf4 Rd2+ 38. Kf1
Rxf4+ 39. exf4 Rb2 40. Ke1 Kf6 41. Re3 b5 42. Rc3 b4 43. Rxc5 Rxb3 44. Rb5
Re3+ 45. Kd2 Rxg3 46. Rxb4 Kf5 47. Ke2 Rf3 48. Ra4 Kf6 49. Ra1 Kf5 50. Ra4
Kg6 51. Ra1 Rxf4 52. Rf1 Ra4 53. Kf2 Kg5 54. Kg2 Ra3 55. Rf8 Rf3 56. Rxf3
gxf3+ 57. Kxf3 1/2-1/2

[Event "40th Bosna Open"]
[Site "Sarajevo BIH"]
[Date "2010.05.13"]
[Round "9"]
[White "Vuilleumier,A"]
[Black "Martinovic,Sa"]
[Result "1-0"]
[WhiteElo "2352"]
[BlackElo "2515"]
[EventDate "2010.05.05"]

1. Nf3 Nf6 2. d4 g6 3. c4 Bg7 4. Nc3 O-O 5. e4 d6 6. Be2 Na6 7. O-O e5 8.
Re1 Qe8 9. Bf1 Bg4 10. d5 Nb4 11. Be2 a5 12. Rb1 Na6 13. Bg5 Bd7 14. Nd2
Kh8 15. Bxf6 Bxf6 16. Bg4 Bg5 17. Bxd7 Qxd7 18. Nf3 Bh6 19. a3 Nc5 20. b4
axb4 21. axb4 Na4 22. Nb5 Ra6 23. Qd3 Qe7 24. g3 Rfa8 25. Kg2 Kg8 26. h4
Bf8 27. Rb3 c6 28. dxc6 bxc6 29. Nc3 Qa7 30. Nd1 Rb8 31. Ne3 d5 32. Reb1
dxe4 33. Qxe4 Bg7 34. c5 Qe7 35. h5 Qe6 36. hxg6 hxg6 37. Ng5 Qe7 38. Qh4
Rd8 39. Ng4 Qd7 40. Rf3 1-0

[Event "40th Bosna Open"]
[Site "Sarajevo BIH"]
[Date "2010.05.14"]
[Round "10"]
[White "Jankovic,A"]
[Black "Nisipeanu,LD"]
[Result "0-1"]
[WhiteElo "2559"]
[BlackElo "2672"]
[EventDate "2010.05.05"]

1. d4 Nf6 2. Nf3 e6 3. c4 c5 4. d5 b5 5. Bg5 b4 6. a3 a5 7. axb4 cxb4 8.
Nd4 Bc5 9. e3 O-O 10. Nb3 d6 11. Qf3 Bb7 12. N1d2 Nbd7 13. Ne4 exd5 14.
Nxf6+ Nxf6 15. cxd5 a4 16. Nxc5 dxc5 17. Bc4 Ba6 18. Bxf6 Qxf6 19. Qxf6
gxf6 20. Rc1 Rfc8 21. Kd2 Kf8 22. e4 Bxc4 23. Rxc4 Ke7 24. g4 Kd6 25. h4
Rg8 26. Rhc1 Ra5 27. h5 f5 28. exf5 Kxd5 29. f6 Rg5 30. f3 Ke6 31. Re1+ Re5
32. Rxe5+ Kxe5 33. g5 Kf5 34. f4 a3 35. bxa3 bxa3 36. Rc1 a2 37. Ra1 Ra7
38. Ke3 Ra3+ 39. Kf2 c4 40. Ke1 Rh3 41. Kf2 c3 42. h6 c2 43. Ke2 Rc3 0-1

[Event "40th Bosna Open"]
[Site "Sarajevo BIH"]
[Date "2010.05.14"]
[Round "10"]
[White "Brkic,A"]
[Black "Mamedov,Rau"]
[Result "1/2-1/2"]
[WhiteElo "2573"]
[BlackElo "2653"]
[EventDate "2010.05.05"]

1. e4 c5 2. Nf3 Nc6 3. d4 cxd4 4. Nxd4 g6 5. Nc3 Bg7 6. Be3 Nf6 7. Bc4 Qa5
8. O-O d6 9. h3 O-O 10. Bb3 Bd7 11. Re1 Rac8 12. Qe2 a6 13. Rad1 Qc7 14.
Nd5 Nxd5 15. exd5 Ne5 16. Qd2 Rfe8 17. Bh6 Bf6 18. Bg5 Bg7 19. Bh6 Bf6
1/2-1/2

[Event "40th Bosna Open"]
[Site "Sarajevo BIH"]
[Date "2010.05.14"]
[Round "10"]
[White "Geetha,Narayanan Gopal"]
[Black "Sokolov,Ivan"]
[Result "1-0"]
[WhiteElo "2604"]
[BlackElo "2654"]
[EventDate "2010.05.05"]

1. e4 e5 2. Nf3 Nc6 3. Bb5 g6 4. d4 exd4 5. Bg5 Be7 6. Bxe7 Qxe7 7. Bxc6
dxc6 8. Qxd4 Nf6 9. Nc3 Bg4 10. O-O-O Bxf3 11. gxf3 O-O 12. Qe3 Rfe8 13. f4
Rad8 14. f5 a5 15. Rxd8 Qxd8 16. f4 b5 17. Rd1 Qc8 18. Qd4 Nh5 19. fxg6
hxg6 20. f5 b4 21. Na4 Nf4 22. Kb1 Qa6 23. Nc5 Qe2 24. Nd7 Nh5 25. e5 gxf5
26. Rg1+ Kh7 27. Qh4 1-0

[Event "40th Bosna Open"]
[Site "Sarajevo BIH"]
[Date "2010.05.14"]
[Round "10"]
[White "Gustafsson,J"]
[Black "Fier,A"]
[Result "1/2-1/2"]
[WhiteElo "2640"]
[BlackElo "2581"]
[EventDate "2010.05.05"]

1. Nf3 Nf6 2. c4 e6 3. d4 d5 4. Nc3 Bb4 5. cxd5 exd5 6. Qa4+ Nc6 7. Bg5 O-O
8. e3 h6 9. Bxf6 Qxf6 10. Be2 Be6 11. a3 Bd6 12. Nb5 Rfc8 13. Nxd6 cxd6 14.
O-O a6 15. Rfc1 b5 16. Qb3 Qd8 17. a4 Na5 18. Qb4 Nc6 19. Qb3 Na5 20. Qb4
Nc6 21. Qe1 Qb6 22. a5 Qd8 23. Qd2 Ne7 24. Ne1 Rxc1 25. Rxc1 Rc8 26. Rxc8
Qxc8 27. Nd3 Nc6 28. h3 Ne7 29. Qc3 g5 30. Nc1 1/2-1/2

[Event "40th Bosna Open"]
[Site "Sarajevo BIH"]
[Date "2010.05.14"]
[Round "10"]
[White "Berg,E"]
[Black "Vuilleumier,A"]
[Result "1/2-1/2"]
[WhiteElo "2616"]
[BlackElo "2352"]
[EventDate "2010.05.05"]

1. e4 e5 2. Nf3 Nc6 3. d4 exd4 4. Nxd4 Nf6 5. Nxc6 bxc6 6. e5 Qe7 7. Qe2
Nd5 8. c4 Ba6 9. b3 O-O-O 10. g3 g5 11. Bb2 Bg7 12. Nd2 Nb4 13. O-O-O c5
14. Bg2 d5 15. a3 Nc6 16. f4 Nd4 17. Qe3 f6 18. Nf3 gxf4 19. gxf4 fxe5 20.
fxe5 Qf8 21. Kb1 Qf5+ 22. Ka2 Nxf3 23. Bxf3 d4 24. Qg1 Qxf3 25. Qxg7 Rhg8
26. Qe7 Rg2 27. Rb1 Qc6 28. Rhf1 Re8 29. Qxh7 Bb7 30. Rbe1 Rd2 31. e6 Kb8
32. Qf7 Bc8 33. e7 Qg2 34. Rb1 Bd7 35. Rf5 Rxe7 36. Qxe7 Bxf5 37. Qf8+ Bc8
38. Qxc5 Qxh2 39. Qb5+ Bb7 40. Qe8+ Bc8 41. Qb5+ Bb7 42. Qe8+ Bc8 43. c5 a6
44. c6 Qh3 45. Re1 Rxb2+ 1/2-1/2

[Event "40th Bosna Open"]
[Site "Sarajevo BIH"]
[Date "2010.05.14"]
[Round "10"]
[White "Grandelius,N"]
[Black "Mamedov,Nid"]
[Result "1-0"]
[WhiteElo "2476"]
[BlackElo "2614"]
[EventDate "2010.05.05"]

1. e4 c5 2. Nf3 d6 3. d4 cxd4 4. Nxd4 Nf6 5. Nc3 Nc6 6. Bg5 Qb6 7. Be3 Qxb2
8. Ndb5 Qb4 9. Bd2 Nxe4 10. a3 Qa5 11. Nxe4 Qd8 12. c4 Bf5 13. Bd3 a6 14.
Nbc3 e6 15. O-O Be7 16. Bf4 O-O 17. Be2 d5 18. Ng3 Bf6 19. Nxf5 Bxc3 20.
Rc1 d4 21. Ng3 e5 22. Bd2 Bxd2 23. Qxd2 f5 24. f3 Qa5 25. Qxa5 Nxa5 26.
Rfd1 g6 27. Rb1 Rac8 28. Nf1 Rfd8 29. Bd3 Rd6 30. Nd2 b6 31. Re1 Re6 32. g4
Rf8 33. Nf1 fxg4 34. fxg4 Rf4 35. Be4 Rxg4+ 36. Ng3 Kg7 37. Bd5 Rd6 38.
Rxe5 d3 39. Re4 Rg5 40. Kf2 b5 41. h4 Rxg3 42. Kxg3 bxc4 43. Bxc4 1-0

[Event "40th Bosna Open"]
[Site "Sarajevo BIH"]
[Date "2010.05.14"]
[Round "10"]
[White "Sengupta,D"]
[Black "Bosiocic,Mari"]
[Result "1/2-1/2"]
[WhiteElo "2508"]
[BlackElo "2562"]
[EventDate "2010.05.05"]

1. e4 c5 2. Nf3 e6 3. d4 cxd4 4. Nxd4 Nc6 5. Nb5 d6 6. c4 Nf6 7. N1c3 a6 8.
Na3 b6 9. Be2 Bb7 10. O-O Be7 11. Be3 O-O 12. Qb3 Nd7 13. Rfd1 Nc5 14. Qc2
Bf6 15. Nab1 Nb4 16. Qd2 a5 17. f3 Re8 18. Bf4 Be5 19. Na3 Qe7 20. Bf1 Rad8
21. Bg3 Bxg3 22. hxg3 d5 23. exd5 exd5 24. Re1 Ne6 25. cxd5 Nxd5 26. Nxd5
Bxd5 27. Qf2 Qb4 28. Nb5 Bc6 29. a3 Qc5 30. Rac1 Qxf2+ 31. Kxf2 Bd5 32. Nc7
Nxc7 33. Rxc7 Rxe1 34. Kxe1 g5 35. g4 Kg7 36. Bc4 1/2-1/2

[Event "40th Bosna Open"]
[Site "Sarajevo BIH"]
[Date "2010.05.14"]
[Round "10"]
[White "Inants,A"]
[Black "Svetushkin,D"]
[Result "0-1"]
[WhiteElo "2259"]
[BlackElo "2547"]
[EventDate "2010.05.05"]

1. e4 c6 2. d4 d5 3. Nc3 dxe4 4. Nxe4 Bf5 5. Ng3 Bg6 6. h4 h6 7. Nf3 Nd7 8.
h5 Bh7 9. Bd3 Bxd3 10. Qxd3 e6 11. Bd2 Ngf6 12. O-O-O Be7 13. Ne4 Nxe4 14.
Qxe4 Nf6 15. Qe2 Qd5 16. c4 Qe4 17. Qxe4 Nxe4 18. Be3 Nd6 19. b3 b5 20. Ne5
Rc8 21. Kd2 bxc4 22. Nxc4 Ne4+ 23. Kd3 Nf6 24. Rc1 Nd5 25. Ne5 f6 26. Ng6
Rg8 27. Nxe7 Kxe7 28. Rc5 Rc7 29. Bd2 Rgc8 30. Ra5 Kd7 31. Rc1 Rb7 32. Ra6
Rcc7 33. g4 Rb5 34. f4 Ne7 35. g5 Nf5 36. Ra5 Rcb7 37. Rg1 Ke7 38. gxh6
gxh6 39. Rxb5 cxb5 40. Bb4+ Kf7 41. Rg6 a6 42. Bc3 Ne7 43. Rg1 Rd7 44. a4
Nf5 45. axb5 axb5 46. Ra1 Ng3 47. Ra5 Nxh5 48. Bd2 Rd5 49. f5 Rxf5 50. Bxh6
Rd5 51. Be3 Ng3 52. Bf2 Nf5 53. Ke4 Nd6+ 54. Kf4 Rf5+ 55. Ke3 Rh5 56. Ra7+
Kg6 57. Ra6 Nf5+ 58. Kf4 Rh2 59. Kf3 Kf7 60. Ra7+ Kg6 61. Ra6 Ng7 62. b4
Rh3+ 63. Kg2 Rb3 64. Be1 Rb1 65. Kf2 Kf5 66. d5 exd5 67. Rb6 Ke4 68. Rxf6
Rb2+ 69. Kf1 Nf5 70. Rb6 d4 71. Rxb5 Ne3+ 72. Kg1 Kf3 0-1

[Event "40th Bosna Open"]
[Site "Sarajevo BIH"]
[Date "2010.05.14"]
[Round "10"]
[White "Maiorov,N1"]
[Black "Rapport,R"]
[Result "0-1"]
[WhiteElo "2544"]
[BlackElo "2509"]
[EventDate "2010.05.05"]

1. d4 d5 2. c4 c6 3. cxd5 cxd5 4. Nf3 Nf6 5. Nc3 Nc6 6. Bf4 Nh5 7. Bd2 e6
8. e3 Bd6 9. Bd3 Bd7 10. O-O f5 11. a3 Nf6 12. b4 O-O 13. Na4 Nb8 14. b5
Be8 15. Qb3 Nbd7 16. Bb4 Bxb4 17. Qxb4 Bh5 18. Ne5 Nxe5 19. dxe5 Nd7 20.
Qd6 Bf7 21. Rfc1 Rc8 22. Bxf5 exf5 23. e6 Nb6 24. exf7+ Kxf7 25. Qf4 Nxa4
26. Qxa4 Qb6 27. Qf4 g6 28. a4 Rc5 29. Rxc5 Qxc5 30. Rd1 Re8 31. h4 Kg7 32.
h5 Re4 33. h6+ Kf6 34. Qb8 Kg5 35. g3 Qc2 36. Rxd5 Kg4 37. Kg2 Qe2 38. Qd6
Qf3+ 39. Kf1 Qh1+ 40. Ke2 Qf3+ 41. Ke1 Kh3 42. Qa3 Rc4 43. Rc5 Rd4 44. Rc1
Kg2 45. Qa2 Rb4 46. Qc2 g5 47. Ra1 g4 48. Ra2 Kh3 49. Rb2 Re4 50. a5 f4 51.
gxf4 g3 52. Qc8+ Kg2 53. fxg3+ Kg1 54. Re2 Ra4 55. Qc3 Qf1+ 56. Kd2 Ra2+
57. Kd3 Qxe2+ 58. Ke4 Ra4+ 59. Kf5 Qh5+ 60. Ke6 Re4+ 61. Kd7 Qf7+ 0-1

[Event "40th Bosna Open"]
[Site "Sarajevo BIH"]
[Date "2010.05.14"]
[Round "10"]
[White "Huschenbeth,N"]
[Black "Panarin,M"]
[Result "0-1"]
[WhiteElo "2457"]
[BlackElo "2521"]
[EventDate "2010.05.05"]

1. e4 c5 2. Nf3 Nc6 3. d4 cxd4 4. Nxd4 Qc7 5. Nc3 e6 6. Be3 Nf6 7. f4 Nxd4
8. Qxd4 Ng4 9. e5 Nxe3 10. Qxe3 Bb4 11. O-O-O Bxc3 12. Qxc3 Qxc3 13. bxc3
b6 14. Bb5 a6 15. Be2 Bb7 16. Rd6 b5 17. Rhd1 Bc6 18. Bf3 Bxf3 19. gxf3 Ra7
20. Rb6 Ke7 21. Kb2 Rc8 22. Kb3 f6 23. Rdd6 Rac7 24. Rd3 Ra7 25. f5 fxe5
26. fxe6 dxe6 27. Re3 Rc5 28. c4 Rxc4 29. Rxe5 Kf7 30. Rexe6 Rac7 31. Rxa6
Rc3+ 32. Kb4 Rxc2 33. Re3 Rb7 34. Re5 g6 35. a3 Rxh2 36. Kc5 Rc2+ 37. Kd4
Rc4+ 38. Ke3 Ra4 39. Rxa4 bxa4 40. Ra5 Rb3+ 41. Ke4 Rxa3 42. Ra7+ Kf6 43.
Rxh7 Ra1 44. Kf4 a3 45. Rh2 Rb1 0-1

[Event "40th Bosna Open"]
[Site "Sarajevo BIH"]
[Date "2010.05.14"]
[Round "10"]
[White "Prohaszka,P2"]
[Black "Tratar,M"]
[Result "1-0"]
[WhiteElo "2510"]
[BlackElo "2507"]
[EventDate "2010.05.05"]

1. d4 Nf6 2. c4 e6 3. g3 Bb4+ 4. Bd2 Qe7 5. Nf3 Nc6 6. Nc3 Bxc3 7. Bxc3 Ne4
8. Rc1 O-O 9. Bg2 a5 10. O-O Nxc3 11. Rxc3 d6 12. d5 Nb4 13. a3 Na6 14.
dxe6 fxe6 15. Nd4 c6 16. Re3 Bd7 17. f4 Rae8 18. Nf3 Bc8 19. Qc2 Qc7 20.
Ng5 g6 21. Qc3 e5 22. fxe5 Rxf1+ 23. Bxf1 Rxe5 24. Rxe5 dxe5 25. c5 Kg7 26.
Ne4 b6 27. Nd6 1-0

[Event "40th Bosna Open"]
[Site "Sarajevo BIH"]
[Date "2010.05.14"]
[Round "10"]
[White "Vuckovic,Bo"]
[Black "Pruijssers,R"]
[Result "0-1"]
[WhiteElo "2640"]
[BlackElo "2443"]
[EventDate "2010.05.05"]

1. e4 e5 2. Nf3 Nc6 3. Bb5 a6 4. Ba4 Nf6 5. O-O Be7 6. Re1 b5 7. Bb3 d6 8.
c3 O-O 9. h3 Nb8 10. d4 Nbd7 11. Nbd2 Bb7 12. Bc2 Re8 13. a4 Bf8 14. Bd3 c6
15. b4 Qc7 16. Qc2 Nb6 17. axb5 cxb5 18. d5 Rac8 19. Bb2 g6 20. Rac1 Bh6
21. Qb1 Nh5 22. Bf1 Rf8 23. c4 bxc4 24. Bxc4 Nxc4 25. Rxc4 Qd7 26. Bc1 f5
27. exf5 gxf5 28. Rh4 Nf4 29. Rxh6 Qg7 30. g3 Qxh6 31. gxf4 Qxf4 32. Nh2
Qg5+ 33. Kh1 Bxd5+ 34. f3 Qh4 35. Bb2 Kh8 36. Rxe5 dxe5 37. Bxe5+ Kg8 38.
Qg1+ Kf7 39. Qg7+ Ke8 40. Bg3 Qe7 41. Qd4 Rc1+ 42. Nhf1 Bxf3+ 43. Kh2 Qe2+
44. Bf2 Rg8 45. Nxf3 Rxf1 0-1

[Event "40th Bosna Open"]
[Site "Sarajevo BIH"]
[Date "2010.05.14"]
[Round "10"]
[White "Lenic,L"]
[Black "Petrosian,DG"]
[Result "1-0"]
[WhiteElo "2592"]
[BlackElo "2490"]
[EventDate "2010.05.05"]

1. d4 Nf6 2. c4 g6 3. Nc3 Bg7 4. e4 d6 5. f3 O-O 6. Be3 c5 7. Nge2 Nc6 8.
Qd2 e6 9. g3 d5 10. e5 cxd4 11. Bxd4 Nd7 12. f4 dxc4 13. Bg2 Nxd4 14. Qxd4
f6 15. exf6 Nxf6 16. Qxc4 Ng4 17. Bh3 Ne3 18. Qe4 Qb6 19. Na4 Qa5+ 20. Nac3
Qc5 21. Rc1 e5 22. Nd1 Qb6 23. Bxc8 Nxd1 24. Bxb7 Rad8 25. Rxd1 Rxd1+ 26.
Kxd1 exf4 27. Nxf4 g5 28. Qe6+ 1-0

[Event "40th Bosna Open"]
[Site "Sarajevo BIH"]
[Date "2010.05.14"]
[Round "10"]
[White "Saric,Iv"]
[Black "Durarbeyli,V"]
[Result "1-0"]
[WhiteElo "2580"]
[BlackElo "2487"]
[EventDate "2010.05.05"]

1. e4 c5 2. Nf3 d6 3. d4 cxd4 4. Nxd4 Nf6 5. Nc3 Nc6 6. Bg5 e6 7. Qd2 Be7
8. O-O-O a6 9. f4 Nxd4 10. Qxd4 b5 11. Bxf6 gxf6 12. e5 d5 13. Bd3 Bd7 14.
Rhe1 Rc8 15. f5 Bc5 16. Qf4 Qc7 17. fxe6 fxe6 18. Qh4 fxe5 19. Nxd5 exd5
20. Qf6 Bd4 21. Qxh8+ Ke7 22. Qg7+ Kd6 23. Qf6+ Be6 24. Bf5 Bxb2+ 25. Kb1
Re8 26. Kxb2 1-0

[Event "40th Bosna Open"]
[Site "Sarajevo BIH"]
[Date "2010.05.14"]
[Round "10"]
[White "Krivoborodov,E"]
[Black "Godena,M"]
[Result "1/2-1/2"]
[WhiteElo "2490"]
[BlackElo "2554"]
[EventDate "2010.05.05"]

1. e4 e5 2. Nf3 Nc6 3. Bb5 a6 4. Ba4 Nf6 5. O-O b5 6. Bb3 Bc5 7. c3 d6 8.
d4 Bb6 9. a4 Rb8 10. Na3 O-O 11. axb5 axb5 12. Nxb5 Bg4 13. Be3 exd4 14.
cxd4 Nxe4 15. Qc2 Qe8 16. Ba4 Bd7 17. Rfe1 d5 18. Nc3 Nb4 19. Qd1 Bxa4 20.
Rxa4 Nd3 21. Qxd3 Nxc3 22. Raa1 Ne4 23. b4 Ra8 24. Bf4 Rxa1 25. Rxa1 Qc6
26. Rc1 Qa4 27. b5 Rb8 28. h4 f6 29. h5 Ba5 30. Bxc7 Bxc7 31. Rxc7 Qa1+ 32.
Kh2 Qh1+ 33. Kxh1 Nxf2+ 34. Kh2 Nxd3 35. Nh4 Nf4 36. Nf5 Ne6 37. Re7 Rb6
38. h6 gxh6 39. Nxh6+ Kf8 40. Rf7+ Ke8 41. Rxf6 Ke7 42. Rf7+ Ke8 43. Rxh7
Nxd4 44. g4 Rxb5 45. Kg3 Ne6 46. Nf5 Rb3+ 47. Kf2 Kf8 48. Rd7 Nf4 1/2-1/2